| 000 | 006540000a22001930004500 | ||
|---|---|---|---|
| 001 | 36755 | ||
| 090 | _a36755 | ||
| 100 | _a20170428d2017 m y0pory5003 ba | ||
| 101 | 0 | _apor | |
| 102 | _aPT | ||
| 200 | 1 |
_aJó _eromance de um homem simples _fJoseph Roth _gtrad. do alemão (Áustria) por Catarina Pacheco |
|
| 210 |
_aLisboa _cUlisseia _d2010 |
||
| 215 | _a215, [3] p. | ||
| 304 | _aTít. orig. : Hiob : roman eines einfachen mannes | ||
| 675 |
_a821.112.2(436)-32"19" _vBN _zpor |
||
| 700 | 1 |
_aRoth _bJoseph _f1894-1939 |
|
| 702 | 1 |
_934973 _4730 _aPacheco _bCatarina |
|
| 942 |
_cMON _n0 |
||
| 999 |
_a36755 _bBibliobase - BMTAV _c2019-01-21 |
||